000
00247nam a22001097a 4500
008
170123b xxu||||| |||| 00| 0 eng d
020
_a
9780781794688
041
_a
eng
080
_a
618.2
245
_a
NURSING RESEARCH
_c
BECK, CH.T
942
_2
udc
_c
BK
999
_c
3400
_d
3400